Estadísticas para Estaciones del metro de Bilbao

Haz click aquí para intentar la prueba.

Estadísticas generales

  • Esta prueba ha sido intentada 145 veces
  • La puntuación promedio es 45 de 61

Estadísticas de respuestas

RespuestaHint% Correcto
San mamesL1
94%
San mamesL2
94%
San ignazioL2
92%
San ignazioL1
92%
BarakaldoL2
91%
DeustoL2
91%
DeustoL1
91%
MoyuaL2
91%
MoyuaL1
91%
PlentziaL1
91%
AbandoL1
90%
AbandoL2
90%
IndautxuL1
89%
IndautxuL2
89%
ZazpikaleakL1
88%
ZazpikaleakL2
88%
ZazpikaleakL3
88%
BasauriL2
83%
NeguriL1
83%
PortugaleteL2
83%
SanturtziL2
82%
GurutzetaL2
81%
SarrikoL2
81%
SarrikoL1
81%
KabiezesL2
80%
LeioaL1
80%
SopelaL1
80%
ErandioL1
79%
AnsioL2
78%
SantutxuL2
76%
SantutxuL1
76%
EtxebarriL1
74%
EtxebarriL2
74%
LarrabasterraL1
74%
AlgortaL1
73%
SestaoL2
73%
AstrabuduaL1
72%
BoluetaL2
72%
BoluetaL1
72%
LutxanaL1
72%
AreetaL1
69%
UrdulizL1
66%
TxurdinagaL3
64%
OtxarkoagaL3
63%
ArizL2
62%
BasarrateL2
61%
BasarrateL1
61%
BerangoL1
61%
PeñotaL2
61%
GobelaL1
60%
LamiakoL1
59%
BagatzaL2
58%
IbarbengoaL1
57%
KukullagaL3
57%
MatikoL3
57%
AiboaL1
56%
UribarriL3
54%
BidezabalL1
52%
UrbinagaL2
52%
ZurbaranbarriL3
51%
AbatxoloL2
43%

Distribución de puntuación

Porcentaje por número respondido

Porcentaje de gente con cada puntuación

Historial de tus puntuaciones

No has intentado esta prueba.